000
00309nam a2200121Ia 4500
008
190216s9999||||xx |||||||||||||| ||und||
100
_a
Sankara Pillai G
245
0
_a
Thirumbivanthan Thambi
260
_b
Mathrubhumi Printing &publishing
_c
1976
300
_a
154p
650
_a
Malayalam Nadakam
942
_c
BK
999
_c
25984
_d
25984